| 000 | 01776pam a2200469 i 4500 | ||
|---|---|---|---|
| 999 |
_c434 _d434 |
||
| 001 | 020485351 | ||
| 003 | UkOxU | ||
| 005 | 20190814143714.0 | ||
| 008 | 150515s2015 enkab j 000 0|eng d | ||
| 015 |
_aGBB590202 _2bnb |
||
| 016 | 7 |
_a017436639 _2Uk |
|
| 020 |
_a9781474903622 _qpaperback |
||
| 035 | _a(Uk)017436639 | ||
| 040 |
_aStDuBDS _beng _erda _cStDuBDS _dUk _dUkOxU |
||
| 041 | 0 |
_aeng _aspa |
|
| 042 | _aukblsr | ||
| 082 | 0 | 4 |
_a463.21 DAV _223 |
| 100 | 1 |
_aDavies, Helen, _d1954- _eauthor. |
|
| 240 | 1 | 0 | _aUsborne Internet-linked Spanish dictionary for beginners |
| 245 | 1 | 0 |
_aUsborne Spanish dictionary for beginners / _cHelen Davies ; illustrated by John Shackell ; designed by Brian Robertson ; edited by Nicole Irving. |
| 246 | 1 | 3 | _aSpanish dictionary for beginners |
| 250 | _a[New edition]. | ||
| 264 | 1 |
_aLondon : _bUsborne Publishing Ltd., _c[2015?]. |
|
| 300 |
_a128 pages : _billustrations (colour), maps (colour) ; _c21 cm |
||
| 336 |
_atext _2rdacontent |
||
| 336 |
_astill image _2rdacontent |
||
| 337 |
_aunmediated _2rdamedia |
||
| 338 |
_avolume _2rdacarrier |
||
| 500 | _a"With pronunciation on the Internet"--Cover. | ||
| 500 | _aRevised edition of: Usborne Internet-linked Spanish dictionary for beginners. 2009. | ||
| 500 |
_aFormerly CIP. _5Uk |
||
| 521 | 2 | _aKey Stage 2. | |
| 546 | _aText in English and Spanish. | ||
| 650 | 0 |
_aSpanish language _vDictionaries, Juvenile _xEnglish. |
|
| 650 | 0 |
_aEnglish language _vDictionaries, Juvenile _xSpanish. |
|
| 650 | 0 |
_aPicture dictionaries, Spanish _vJuvenile literature. |
|
| 650 | 0 |
_aPicture dictionaries, English _vJuvenile literature. |
|
| 700 | 1 |
_aShackell, John, _eillustrator. |
|
| 700 | 1 |
_aIrving, Nicole, _eeditor. |
|
| 942 |
_2ddc _cREF |
||